LEADER 01193nam0 22003131i 450 001 VAN00018081 005 20250124100119.859 010 $a21-00-03509-6 100 $a20040618d1987 |0itac50 ba 101 $aita 102 $aIT 105 $a|||| ||||| 181 $ai$b e 182 $an 200 1 $aBiologie animale$eles cordes, anatomie comparee des vertebres$fAndré Beaumont, Pierre Cassier 210 $aParis$cDunod$d1972 215 $aIX, 600 p.$cill.$d25 cm 620 $dParis$3VANL000046 676 $a571.3$cAnatomia comparata$v22 676 $a596$cCordati$v22 700 1$aBeaumont$bAndrč$3VANV014062$0531119 701 1$aCassier$bPierre$3VANV014063$0729536 712 $aDunod $3VANV108377$4650 801 $aIT$bSOL$c20250131$gRICA 899 $aBIBLIOTECA DEL DIPARTIMENTO DI SCIENZE E TECNOLOGIE AMBIENTALI BIOLOGICHE E FARMACEUTICHE$1IT-CE0101$2VAN17 912 $aVAN00018081 950 $aBIBLIOTECA DEL DIPARTIMENTO DI SCIENZE E TECNOLOGIE AMBIENTALI BIOLOGICHE E FARMACEUTICHE$d17CONS Aa33 $e17DSV251 20040618 996 $aBiologie animale$91428954 997 $aUNICAMPANIA